000 00559nam a22001937a 4500
005 20251108175910.0
008 250721s2022 xx 000 0 ara d
082 1 4 _aم/158/غري
100 1 _aالخضراء، ابتسام
_eمترجم
245 1 0 _aقوانين الطبيعة البشرية /
250 _aط.3
264 1 _aالرياض :
_bالعبيكان،
_c2022.
300 _a773ص.
650 1 7 _aعلم النفس التطبيقي
650 1 7 _aالسعادة
700 1 _aغرين، روبرت
942 _2ddc
_cREF
999 _c145053
_d145053